Obálka Náhled e-knihy:
PDF Epub
Pro půjčování e-knih musíte být přihlášeni.
Jak si půjčit online?

Verity - zlatá edícia /

Slávna spisovateľka Verity Crawfordová nedokáže po ťažkej autonehode dopísať svoju najúspešnejšiu knižnú sériu. Vydavateľstvo požiada o jej dokončenie Lowen Ashleighovú, ktorá na pokraji svojej finančnej ruiny prijíma celoživotnú pracovnú ponuku. Vo Veritinej pracovni nečakane objaví Veritinu autobi...

Celý popis

Uloženo v:
Hlavní autor: Hoover, Colleen (Autor)
Médium: E-kniha
Jazyk:Czech
Vydáno: Praha : Albatros Media Slovakia s.r.o., 2025
Tagy:
Žádné tagy
LEADER 01515nam a22002297i 4500
001 302699
007 ta
008 260514s2025 xr ||||| |||| 00| 0 cze d
020 |a 9788056648124 
044 |a xr 
100 1 |a  Hoover, Colleen  |4 aut 
245 1 0 |a Verity - zlatá edícia /  |c  Hoover, Colleen 
240 1 0 |a Verity 
264 1 |a Praha :  |b Albatros Media Slovakia s.r.o.,  |c 2025 
300 |a 1 online zdroj (336 stran) 
336 |a text  |b txt  |2 rdacontent 
337 |a bez média  |b n  |2 rdamedia 
338 |a online zdroj  |b cr  |2 rdacarrier 
520 2 |a Slávna spisovateľka Verity Crawfordová nedokáže po ťažkej autonehode dopísať svoju najúspešnejšiu knižnú sériu. Vydavateľstvo požiada o jej dokončenie Lowen Ashleighovú, ktorá na pokraji svojej finančnej ruiny prijíma celoživotnú pracovnú ponuku. Vo Veritinej pracovni nečakane objaví Veritinu autobiografiu, ktorú nemal nikdy niktočítať. Pred Lowen sa zrazu objavuje celkom nová, desivá bytosť, temnejšia než samotné postavy z Veritiných trilerov. Kto v skutočnosti je Verity Crawfordová? 
910 |a RBIT002 
998 |d 426956  |a https://core.palmknihy.cz/api/books/426956/cover?tesgi1  |b https://core.palmknihy.cz/api/books/426956/cover/400?tesgi1  |c https://core.palmknihy.cz/api/books/426956/cover/50?tesgi1  |e 2029-12-12  |g 336  |i 9788056648124  |j https://core.palmknihy.cz/api/books/426956/preview.epub  |k https://core.palmknihy.cz/api/books/426956/preview.pdf  |l   |q 49  |r 1  |s https://www.palmknihy.cz/kniha/426956  |t ebook  |y 2025  |z 1 
999 |d 302697